000 01059nam a2200229Ia 4500
001 L221-4746
003 IT-CnALBA
008 170116s9999||||xx |||||||||||||| ||und||
040 _aIT-CnALBA
_cIT-CnALBA
041 _aFRANCESE
100 _aPIROT LOUIS
245 0 _aLA SAINTE BIBLE. TOMO I. GENESE.
250 _a1a ed.
260 _aPARIS
_bLETOUZEY ET ANÈ. LIBRAIRIE
_c1953 [1° Ed.:1953]
300 _a528 p.
500 _aCOMMENTO ESEGETICO E TEOLOGICO AL TESTO. BIBBIA FRANCESE TRADOTTA DAI TESTI ORIGINALI. INTRODUZIONE SUL PENTATEUCO. INDICE ALFABETICO. CREAZIONE. INIZIO DELL'UMANITÀ. ABRAMO. ISACCO. GIACOBBE. GIUSEPPE.
501 _aSocietà San Paolo EM - Piazza San Paolo, 14 - 12051 ALBA (CN) (non commercial uses only) ® Copyright 2017
520 _aCOMMENTO ESEGETICO E TEOLOGICO AL TESTO. BIBBIA FRANCESE TRADOTTA DAI TESTI ORIGINALI. INTRODUZIONE SUL PENTATEUCO. INDICE ALFABETICO. CREAZIONE. INIZIO DELL'UMANITÀ. ABRAMO. ISACCO. GIACOBBE. GIUSEPPE.
650 _aANTICO TESTAMENTO
942 _cBK
957 _71
999 _a5729
_bNO
_g Copie: 1
_c263937
_d263937